• 首页
  • 本馆介绍
  • 公告通知
  • 最新文献
  • 馆藏检索
  • 电子资源
  • 读者荐购
  • 参考咨询
  • CALIS
  • 我的图书馆
  • 登录
  • 详细信息显示
  • 放入我的书架
  • 预约/预借图书
  • 作者相关作品
  • 分类相关作品
  • 丛书相关作品
  • 出版社相关作品

书目信息

  • 表格格式
  • 工作单格式
  • 卡片格式
题名:
建筑标准设计图集
    
 
作者: 甘肃省住房和城乡建设厅
分册:   深基坑支护结构及降水构造
出版信息: 北京   中国建筑工业出版社  2018.08
页数: 70页
开本: 20cm
丛书名:
单 册:
中图分类: TU203
科图分类:
主题词: 建筑设计
电子资源:
ISBN:
 
 
 
 
 
000 00802nam0 2200217 45
001 1935725820
005 20190319095638.66
010    @dRMB 30.00
100    @a20190319d2018 km y0chiy0120 ea
101 0  @achi
102    @aCN@b110000
200 1  @a建筑标准设计图集@Ajian zhu biao zhun she ji tu ji@eDBJT25-165-2018@i深基坑支护结构及降水构造@f甘肃省住房和城乡建设厅@Fgan su sheng zhu fang he cheng xiang jian she ting
210    @a北京@c中国建筑工业出版社@d2018.08
215    @a70页@d20cm
517    @aDBJT25-165-2018
517    @a深基坑支护结构及降水构造@Ashen ji keng zhi hu jie gou ji jiang shui gou zao
606 0  @a建筑设计
690    @aTU203@v4
701  0 @a甘肃省住房和城乡建设厅@Agan su sheng zhu fang he cheng xiang jian she ting
801  0 @aCN@bPFT@c20190319
905    @a10447@dTU203@eG0531
    
    建筑标准设计图集:DBJT25-165-2018.深基坑支护结构及降水构造/甘肃省住房和城乡建设厅.-北京:中国建筑工业出版社,2018.08
    70页;20cm
    
    
    ISBN :RMB 30.00
    
●
相关链接 在E读中查询图书 在当当中查询图书 在豆瓣中查询图书


正题名:建筑标准设计图集     索取号:TU203/G0531         预约/预借

序号 登录号 条形码 馆藏地/架位号 状态 备注
1 1244590   212445905   建筑库101/101建筑库 38排3列1层/ [索取号:TU203/G0531] 在馆    
河南城建学院图书馆 欢迎您!
大连网信软件有限公司© 版权所有